| 000 | 00625nam a2200217Ia 4500 | ||
|---|---|---|---|
| 008 | |||
| 020 | _a0582711320 (pbk.) | ||
| 049 | _aMAIN | ||
| 090 | _aT11LIN | ||
| 100 | 1 | _aLindsay, David. | |
| 245 | 1 | 2 |
_aA guide to scientific writing : _bmanual for students and research workers / _cDavid Lindsay. |
| 260 |
_aMelbourne : _bLongman Cheshire, _cc1984. |
||
| 300 |
_a83 p. ; _c22 cm. |
||
| 500 | _aIncludes index. | ||
| 650 | 0 | _aTechnical writing. | |
| 907 |
_a.b10008500 _b14-09-05 _c17-04-03 |
||
| 003 | |||
| 005 | 20230123134029.0 | ||
| 040 | _cNUST | ||
| 942 |
_cBOOKS _kT11LIN |
||
| 999 |
_c158828 _d158828 |
||